The best college writing 1961 : (Record no. 6563)
[ view plain ]
| 000 -LEADER | |
|---|---|
| fixed length control field | 01226cam a2200301Ka 4500 |
| 001 - CONTROL NUMBER | |
| JCCL Control Number | 6563 |
| 003 - CONTROL NUMBER IDENTIFIER | |
| JCCL marc code | MCM |
| 005 - DATE AND TIME OF LATEST TRANSACTION | |
| control field | 20180418182648.0 |
| 008 - FIXED-LENGTH DATA ELEMENTS--GENERAL INFORMATION | |
| fixed length control field | 880614s1962 nyu 000 1 eng d |
| 035 ## - SYSTEM CONTROL NUMBER | |
| system control number | MITb10897292 |
| 035 ## - SYSTEM CONTROL NUMBER | |
| system control number | (OCoLC)18083846 |
| 040 ## - CATALOGING SOURCE | |
| Original cataloging agency | TTK |
| Transcribing agency | TTK |
| Modifying agency | JED |
| -- | MYG |
| 041 ## - LANGUAGE CODE | |
| Language code of Book | eng |
| 082 ## - DEWEY DECIMAL CLASSIFICATION NUMBER | |
| Classification number | 823 |
| Author mark and Year | BES |
| 090 ## - LOCALLY ASSIGNED LC-TYPE CALL NUMBER (OCLC); LOCAL CALL NUMBER (OCLC) | |
| Classification number (OCLC) (R) ; Classification number, CALL (RLIN) (NR) | PS648.S5 |
| Local cutter number (OCLC) ; Book number/undivided call number, CALL (RLIN) | B47x 1962 |
| 245 04 - TITLE STATEMENT | |
| Title | The best college writing 1961 : |
| Remainder of title | an anthology of university writing / |
| Statement of responsibility, etc | chosen by the editors of Story magazine and selected contest judges. |
| 260 ## - PUBLICATION, DISTRIBUTION, ETC. (IMPRINT) | |
| Place of publication, distribution, etc | New York : |
| Name of publisher, distributor, etc | Random House, |
| Date of publication, distribution, etc | c1962. |
| 300 ## - PHYSICAL DESCRIPTION | |
| Pagination | xiii, 237 p. ; |
| Dimensions | 21 cm. |
| 500 ## - GENERAL NOTE | |
| General note | Continued by: Prize college stories. |
| 505 00 - FORMATTED CONTENTS NOTE | |
| Title | The suntan kid / |
| -- | The threesome / |
| -- | I saw the moon go / |
| -- | The bicycle key / |
| -- | Huexotla / |
| -- | Here it comes-- there it goes / |
| -- | Turn your back and walk away / |
| -- | Thursday's chair / |
| -- | The bird in the bottle / |
| -- | The glass room / |
| -- | The tin god / |
| -- | Yesterday is tomorrow's inhibitions / |
| -- | The word / |
| -- | Layover from St. Louis / |
| -- | The beating / |
| -- | The hitchhiker / |
| -- | The flaw / |
| 650 #0 - SUBJECT ADDED ENTRY--TOPICAL TERM | |
| Topical term or geographic name as entry element | Short stories, American. |
| 650 #0 - SUBJECT ADDED ENTRY--TOPICAL TERM | |
| Topical term or geographic name as entry element | College stories. |
| 730 0# - ADDED ENTRY--UNIFORM TITLE | |
| Uniform title | Story (New York, N.Y. : 1931) |
| 942 ## - ADDED ENTRY ELEMENTS (KOHA) | |
| Source of classification or shelving scheme | Dewey Decimal Classification |
| Koha item type | Books |
| 946 ## - LOCAL PROCESSING INFORMATION (OCLC) | |
| a | t |
| 949 ## - LOCAL PROCESSING INFORMATION (OCLC) | |
| a | c |
| p | 39080020292147 |
| Source of classification or shelving scheme | Damaged status | Not for loan | Home library | Current library | Shelving location | Date of accession | Total Checkouts | Full call number | Barcode | Date last seen | Copy number | Koha item type |
|---|---|---|---|---|---|---|---|---|---|---|---|---|
| Dewey Decimal Classification | JCC Rouf Library | JCC Rouf Library | General Stacks | 04/17/2018 | 823 BES | 8809 | 04/18/2018 | C-1 | Books |